01165naa#a2200205#i#4500001004000000005001700040011001400057100004100071101000800112102000700120200036200127210019500489215001100684608004500695675006000740700004200800700005200842700005200894856001300946RU\FGKOU VO SPBU MVD ROSSII\bibl\11470820260701151238.3##a2071-8284##a20260630b2026####ek#y0rusy0150####ca0#aRUS##aRU1#aКейс-стади и облачная технология в преподавании поведенческих дисциплин в образовательной организации высшего образования Министерства внутренних дел Российской ФедерацииeЖурнальная статья1#aСанкт-ПетербургcСАНКТ-ПЕТЕРБУРГСКИЙ УНИВЕРСИТЕТ МИНИСТЕРСТВА ВНУТРЕННИХ ДЕЛ РОССИЙСКОЙ ФЕДЕРАЦИИd2026##a12 с.##aЖурнальная статья2local##aНаучные эксперименты. 371.385.3zRUS#1aКомлевgЮрий Юрьевич#1aЕникееваgСуфия Загитовна#1aРябцеваgОльга Николаевна4#aepinb.ru